CONCEPTUAL FOUNDATIONS OF HUMAN FACTORS MEASUREMENT (Record no. 23307)

MARC details
000 -LEADER
fixed length control field 00416nam a22001577a 4500
003 - CONTROL NUMBER IDENTIFIER
control field SGT
020 ## - INTERNATIONAL STANDARD BOOK NUMBER
International Standard Book Number 9780805841350
082 ## - DEWEY DECIMAL CLASSIFICATION NUMBER
Classification number 620.82
Item number C04M
100 ## - MAIN ENTRY--PERSONAL NAME
Personal name MMEISTER, DAVID
245 ## - TITLE STATEMENT
Title CONCEPTUAL FOUNDATIONS OF HUMAN FACTORS MEASUREMENT
260 ## - PUBLICATION, DISTRIBUTION, ETC. (IMPRINT)
Place of publication, distribution, etc NEW JERSEY
Name of publisher, distributor, etc LEA PUB
Year of Publication 2004
300 ## - PAGE DESCRIPTION
No. of Pages 244
650 ## - SUBJECT ADDED ENTRY--TOPICAL TERM
Topical term or geographic name as entry element PHYSIOTHERAPY
653 ## - KEYWORDS--INDEX TERM
Keyword term CONCEPTUAL FOUNDATIONS OF HUMAN FACTORS MEASUREMENT
942 ## - ADDED ENTRY ELEMENTS (KOHA)
Source of classification or shelving scheme Dewey Decimal Classification
Koha item type Books
Holdings
Withdrawn status Lost status Source of classification or shelving scheme Damaged status Not for loan Collection code Home library Current library Shelving location Date acquired Vendor Name Cost, normal purchase price Volume Information (Serial or Books or Non-Book Material) SGTU Bill Number Total Checkouts Full call number Accession No. (Barcode) Date last seen Bill Date Koha item type
    Dewey Decimal Classification   Not For Loan MEDICAL SGT Medical Library SGT Medical Library Reference Book 12/09/2022 ABC DELHI 9547.00 P-95.00 SGTU 14815   620.82 C04M FM13228 12/09/2022 27/07/2022 Books